[Event "Moscow op-B"]
[Site "Moscow"]
[Date "2009.02.08"]
[Round "9"]
[White "Nikitin, Anatoly"]
[Black "Vashchenko, Jurij"]
[Result "1/2-1/2"]
[WhiteElo "1400"]
[BlackElo "2016"]
[PlyCount "50"]
[EventDate "2009.01.31"]
[EventType "swiss"]
[EventRounds "9"]
[EventCountry "RUS"]
[SourceTitle "EXT 2012"]
[Source "ChessBase"]
[SourceDate "2011.11.24"]
[SourceVersion "1"]
[SourceVersionDate "2011.11.24"]
[SourceQuality "1"]

1. e4 e5 2. Nf3 Nc6 3. Bb5 a6 4. Ba4 Nf6 5. 0-0 Be7 6. Re1 b5 7. Bb3 d6 8. h3 0-0 9. c3 Bb7 10. d4 Re8 11. Ng5 Rf8 12. f4 h6 13. Nf3 Nd7 14. Qd3 Bf6 15. Be3 Ne7 16. Bc2 Ng6 17. f5 Ne7 18. Nbd2 c6 19. Qe2 Re8 20. Qf2 Nf8 21. Qg3 Kh8 22. Bb3 Qc7 23. Bxf7 Nxf5 24. exf5 Qxf7 25. Ne4 Rad8 1/2-1/2

[Event "Moscow op-B"]
[Site "Moscow"]
[Date "2009.02.01"]
[Round "2"]
[White "Nikitin, Anatoly"]
[Black "Asefi, Zaheeruddeen"]
[Result "0-1"]
[WhiteElo "1400"]
[BlackElo "2172"]
[PlyCount "88"]
[EventDate "2009.01.31"]
[EventType "swiss"]
[EventRounds "9"]
[EventCountry "RUS"]
[SourceTitle "EXT 2012"]
[Source "ChessBase"]
[SourceDate "2011.11.24"]
[SourceVersion "1"]
[SourceVersionDate "2011.11.24"]
[SourceQuality "1"]

1. e4 g6 2. d4 Bg7 3. Nf3 d6 4. Nc3 Nf6 5. Bg5 c5 6. dxc5 Qa5 7. Qd2 Qxc5 8. Be3 Qb4 9. Bd3 Bg4 10. 0-0 Nc6 11. a3 Qa5 12. b4 Qd8 13. Ne1 Rc8 14. h3 Bd7 15. f4 0-0 16. Rd1 Ne8 17. Ne2 f5 18. exf5 gxf5 19. Nf3 e6 20. Ng3 Nf6 21. c4 Qe7 22. Rfe1 Qf7 23. Qf2 b6 24. Ng5 Qg6 25. Be2 h6 26. Nf3 Ne8 27. Nh4 Qh7 28. Bh5 Bc3 29. Re2 Bf6 30. Nf1 Rd8 31. Red2 Qg7 32. Bxe8 Bxe8 33. Rxd6 Rxd6 34. Rxd6 Qe7 35. Rxc6 Bxh4 36. Qf3 Bxc6 37. Qxc6 Rd8 38. c5 bxc5 39. Bxc5 Qd7 40. Qf3 Kh7 41. Qb3 Rg8 42. g3 Bf6 43. a4 Rd8 44. b5 Bd4+ 0-1